Los sentidos y mi entorno: subsector comprensión del medio natural,social y cultural
Uloženo v:
| Hlavní autor: | |
|---|---|
| Další autoři: | |
| Médium: | Kniha |
| Jazyk: | španělština |
| Vydáno: |
Santiago
Ministerio de Educación
2000
|
| Edice: | Programa de Mejoramiento de la Calidad de las Escuelas Básicas de Sectores Pobres
|
| Témata: | |
| Tagy: |
Přidat tag
Žádné tagy, Buďte první, kdo vytvoří štítek k tomuto záznamu!
|
MARC
| LEADER | 00000nam a2200000 a 4500 | ||
|---|---|---|---|
| 001 | UCL6723 | ||
| 003 | CL-VaPUC | ||
| 008 | 040416e20000000CL |||||||||||||||||spa|d | ||
| 082 | 0 | 4 | |a 372.357 |b VIL |2 21 |
| 100 | 0 | |a Villarroel, Irene |e author |9 484417 | |
| 700 | |a Martens Albizú, Erich |e autor |9 520668 | ||
| 245 | 1 | 4 | |a Los sentidos y mi entorno: subsector comprensión del medio natural,social y cultural |
| 300 | |a 72 p | ||
| 942 | |c BK | ||
| 945 | |d 20040416 00:00:00 |a cmena | ||
| 260 | |a Santiago |b Ministerio de Educación |c 2000 | ||
| 500 | |a Material Educativo de Apoyo, Primero y Segundo Básico | ||
| 650 | 0 | |a Enseñanza de las ciencias |9 331919 | |
| 650 | 0 | |a Educación básica |9 224933 | |
| 650 | 0 | |a Métodos de enseñanza |9 270413 | |
| 650 | 0 | |a Reforma educacional |9 256319 | |
| 651 | 7 | |a CHILE |2 CL-VaPUC |9 484419 | |
| 583 | |a last modification |c 20040416 00:00:00 |k Rodrigo Vera | ||
| 490 | 0 | |a Programa de Mejoramiento de la Calidad de las Escuelas Básicas de Sectores Pobres | |
| 999 | |c 308707 |d 308705 | ||
| 952 | |0 0 |1 0 |4 0 |6 372_357000000000000_VIL_2000 |7 0 |8 P |9 375419 |a BIBEDU |b BIBEDU |d 2019-11-21 |i 4005937 |o 372.357 VIL 2000 |p 4005937 |r 2019-11-21 |w 2019-11-21 |y BK |k EPE | ||